| 000 | 00707ntm a2200193 i 4500 | ||
|---|---|---|---|
| 001 | 20481 | ||
| 003 | ES-MaACL | ||
| 005 | 20240207200420.0 | ||
| 007 | t| | ||
| 008 | 021113s1947 mx |||| | spa d | ||
| 110 | 2 |
_aAcademia Hispano Mexicana. _91199 |
|
| 245 | 1 | 0 |
_aSemana cervantina _b: conmemoración del cuarto centenario del nacimiento de Miguel de Cervantes Saavedra [ _hManuscrito] / _cAcademia Hispano Mexicana, Sección Primaria. |
| 260 |
_aMéxico : _b[s.n.], _c1947. |
||
| 300 |
_a8 h. ; _c33 cm. |
||
| 500 | _aEjemplar mecanografiado. | ||
| 600 | 0 |
_aCervantes Saavedra, Miguel de, _d1547-1616- _jAniversarios y centenarios _9221674 |
|
| 852 |
_aES-MaACL _j1869-F-13 |
||
| 999 |
_c20481 _d20481 |
||